00767nam a22002057a 450000500170000001000150001702000260003203500140005803700130007208200140008510000210009924501030012026000330022327000590025630000250031550000500034094200280039099900190041895201240043720170919102254.0 aENG-120411 a9789382420057c995.00 aEN-103943 bDBAD/PUB a954.14035 aAdak, Naba Kumar aSyama Prasad Mookerjee :cby Naba Kumar Adakba study of his role in Bengal politics,(1929-1953) / aNew delhibKunal Booksc2013 a4596 / 1A,first floor,11, DaryaganjbNew Delhie110002 axiv,434p.c23cm(H.b) aIncludes bibliographical references and index 2ddccENh954.14035mADA c144833d144833 001040708NFICaKVbKVd2017-09-18eDBAD/PUBg995.00l0o954.14035 ADApEN-103943r2017-09-18 00:00:00t1v995.00yEN